000 01211cam a22003134a 4500
001 13908089
005 20170105102913.0
008 050322s2005 nyua b 001 0 eng
010 _a 2005273083
020 _a0143034790 (trade pbk.)
040 _aDLC
_cDLC
_dDLC
042 _apcc
043 _an-us---
050 0 0 _aJZ1480
_b.F47 2005
100 1 _aFerguson, Niall.
245 1 0 _aColossus :
_bthe rise and fall of the American empire /
_cNiall Ferguson.
260 _aNew York :
_bPenguin Books,
_c2005.
300 _axxix, 386 p. :
_bill. ;
_c22 cm.
504 _aIncludes bibliographical references (p. [344]-366) and index.
650 0 _aImperialism.
651 0 _aUnited States
_xForeign relations
_y2001-
651 0 _aUnited States
_xForeign relations
_y20th century.
651 0 _aUnited States
_xForeign relations
_xPhilosophy.
856 4 2 _3Contributor biographical information
_uhttp://www.loc.gov/catdir/enhancements/fy0716/2005273083-b.html
856 4 2 _3Publisher description
_uhttp://www.loc.gov/catdir/enhancements/fy0716/2005273083-d.html
906 _a7
_bcbc
_corigcop
_d2
_encip
_f20
_gy-gencatlg
942 _2ddc
_cBK
999 _c15205
_d15205